| 000 | 00413nam a2200157Ia 4500 | ||
|---|---|---|---|
| 008 | 230917s9999||||xx |||||||||||||| ||und|| | ||
| 020 | _cRS0.35 | ||
| 040 |
_e12566 _aMAIN |
||
| 041 | _aEnglish | ||
| 082 | _a301.44 D74B | ||
| 100 | _aDoshi, Shambu Lal | ||
| 245 | 0 | _aBhils: Between societal self-awareness and cultural synthesis | |
| 260 |
_aNew Delhi _bSterling _c1971 |
||
| 300 | _avi, 284 p. | ||
| 942 | _cBK | ||
| 999 |
_c173705 _d173705 |
||